[Event "30th 4NCL Congress"]
[Site "Daventry"]
[Date "2023.06.17"]
[Round "2"]
[Board "3"]
[White "Sloan, Cecil"]
[Black "Gilbert, David J"]
[Result "1-0"]
[WhiteElo "1657"]
[BlackElo "1595"]
[PlyCount "91"]
[EventDate "2023.06.16"]
[EventRounds "5"]
[EventCountry "ENG"]

1. e4 d5 2. exd5 Qxd5 3. Nc3 Qd6 4. g3 Nf6 5. Bg2 c6 6. d4 Bf5 7. Nf3 e6 8. O-O Be7
9. Bf4 Qb4 10. Rb1 Nbd7 11. a3 Qb6 12. Qe2 O-O 13. Rfd1 Nd5 14. Nxd5 cxd5 15. Ne1
Bf6 16. Be3 Rac8 17. Bf3 Qc6 18. Rbc1 Qc4 19. Qxc4 Rxc4 20. c3 Nb6 21. Be2 Rcc8 22.
Bd3 Bg4 23. f3 Bh5 24. Kf2 Nc4 25. Bxc4 Rxc4 26. Nd3 b6 27. Nf4 Bg6 28. Nxg6 hxg6
29. Bf4 Rfc8 30. Re1 Bxd4+ 31. cxd4 b5 32. b3 Rc2+ 33. Rxc2 Rxc2+ 34. Re2 Rc3 35.
Rb2 a6 36. Ke2 f5 37. Bd2 Rc6 38. Kd3 Kf7 39. Rc2 Rxc2 40. Kxc2 Kf6 41. Bf4 g5 42.
Be5+ Kg6 43. a4 g4 44. fxg4 fxg4 45. axb5 axb5 46. Kc3  1-0

[Event "30th 4NCL Congress"]
[Site "Daventry"]
[Date "2023.06.17"]
[Round "2"]
[Board "4"]
[White "Shivakumar, Akshath"]
[Black "Blower, Trevor R"]
[Result "1-0"]
[WhiteElo "1591"]
[BlackElo "1651"]
[PlyCount "79"]
[EventDate "2023.06.16"]
[EventRounds "5"]
[EventCountry "ENG"]

1. d4 f5 2. Bg5 g6 3. Nc3 c6 4. Nf3 Bg7 5. h4 d6 6. g3 Qc7 7. e4 fxe4 8. Nxe4 Bg4
9. Bg2 Qa5+ 10. c3 Qf5 11. Qe2 Qd5 12. O-O Nd7 13. Rfe1 O-O-O 14. c4 Bxf3 15. cxd5
Bxe2 16. Rxe2 Bxd4 17. Bxe7 Nxe7 18. Nxd6+ Kc7 19. Nf7 Nf5 20. dxc6 bxc6 21. Re6
Nb8 22. Nxh8 Bxh8 23. Rc1 Bxb2 24. Rc4 Ba3 25. Bxc6 Nd4 26. Re7+ Kb6 27. Ra4 Nbxc6
28. Rxh7 Bc5 29. Kg2 Nf5 30. h5 Kb5 31. Rf4 Nfe7 32. h6 g5 33. Rg4 Rd2 34. Rxg5 Rxf2+
35. Kh3 Nf5 36. Rf7 Ncd4 37. h7 Nf3 38. Rfxf5 Rh2+ 39. Kg4 Nd4 40. Rh5  1-0

[Event "30th 4NCL Congress"]
[Site "Daventry"]
[Date "2023.06.17"]
[Round "2"]
[Board "5"]
[White "Fisher, Neal"]
[Black "Joseph, Tomy"]
[Result "1-0"]
[WhiteElo "1647"]
[BlackElo "1550"]
[PlyCount "111"]
[EventDate "2023.06.16"]
[EventRounds "5"]
[EventCountry "ENG"]

1. d4 d5 2. Nc3 Nf6 3. Bf4 c5 4. Nb5 Qa5+ 5. Nc3 cxd4 6. Qxd4 Nc6 7. Qa4 Qxa4 8.
Nxa4 e5 9. Bd2 Ne4 10. e3 Nxd2 11. Kxd2 Bb4+ 12. c3 Be7 13. Nf3 O-O 14. Bb5 e4 15.
Bxc6 bxc6 16. Nd4 Bd7 17. b4 c5 18. Nxc5 Bxc5 19. bxc5 Rfc8 20. c6 Bxc6 21. Nxc6
Rxc6 22. Rhc1 Rb8 23. Rab1 Rcb6 24. Rxb6 Rxb6 25. Kc2 Ra6 26. Kb2 Rg6 27. g3 Rf6
28. Rc2 Rb6+ 29. Kc1 f5 30. Rb2 Kf7 31. Rxb6 axb6 32. Kb2 Ke6 33. Kb3 Kd6 34. Kb4
Kc6 35. h4 g6 36. a4 h6 37. c4 dxc4 38. Kxc4 h5 39. Kb4 Kb7 40. Kb5 Kc7 41. a5 bxa5
42. Kxa5 Kc6 43. Kb4 Kd5 44. Kb5 Ke5 45. Kc5 Kf6 46. Kd6 g5 47. Kd5 Kg6 48. Ke5 f4
49. exf4 gxh4 50. gxh4 Kf7 51. Kf5 Kg7 52. Kg5 Kf7 53. Kxh5 Kf6 54. Kg4 Kg6 55. f5+
Kf6 56. Kf4  1-0

[Event "30th 4NCL Congress"]
[Site "Daventry"]
[Date "2023.06.17"]
[Round "2"]
[Board "6"]
[White "Taylor, Andrew E"]
[Black "Loyden, Gary"]
[Result "1/2-1/2"]
[WhiteElo "1623"]
[BlackElo "1547"]
[PlyCount "66"]
[EventDate "2023.06.16"]
[EventRounds "5"]
[EventCountry "ENG"]

1. d4 d5 2. Bf4 Nf6 3. e3 e6 4. c4 c6 5. c5 Qa5+ 6. Qd2 Qxd2+ 7. Kxd2 Ne4+ 8. Ke2
Be7 9. f3 Nf6 10. g4 b6 11. b4 Ba6+ 12. Kf2 Bxf1 13. Kxf1 bxc5 14. bxc5 Na6 15. Nd2
Kd7 16. Ne2 Bd8 17. Rb1 Bc7 18. Rb7 Rhb8 19. Rxb8 Rxb8 20. Bxc7 Nxc7 21. Nb3 Ng8
22. Kf2 Ne7 23. f4 h6 24. h4 Ne8 25. g5 h5 26. Ng3 g6 27. e4 Rb4 28. Ke3 Ra4 29.
Rh2 Nc7 30. Rb2 Nb5 31. Nc1 dxe4 32. Rd2 Nf5+ 33. Nxf5 exf5  1/2-1/2

[Event "30th 4NCL Congress"]
[Site "Daventry"]
[Date "2023.06.17"]
[Round "2"]
[Board "7"]
[White "Kathuria, Dhruv"]
[Black "Steel, Martin J"]
[Result "0-1"]
[WhiteElo "1545"]
[BlackElo "1613"]
[PlyCount "132"]
[EventDate "2023.06.16"]
[EventRounds "5"]
[EventCountry "ENG"]

1. e4 e6 2. d4 d5 3. Nc3 Bb4 4. e5 Ne7 5. a3 Bxc3+ 6. bxc3 c5 7. f4 Nbc6 8. Nf3 Qa5
9. Bd2 c4 10. Be2 Bd7 11. O-O O-O-O 12. Qc1 h6 13. Qb2 Kb8 14. Rab1 Qc7 15. Qa2 Na5
16. Qb2 Ka8 17. Qc1 f6 18. Qe1 Rdf8 19. Qf2 Nac6 20. Qe1 fxe5 21. Nxe5 Nxe5 22. fxe5
g5 23. Bf3 Be8 24. Bg4 Bd7 25. Bf3 Ng6 26. Bh5 Be8 27. g3 Qe7 28. Bc1 Rxf1+ 29. Qxf1
Rf8 30. Qe2 Rf5 31. Bg4 Rf8 32. Bh5 Qg7 33. Bd2 Ne7 34. Bxe8 Rxe8 35. Qf3 Rf8 36.
Qe2 Qf7 37. Rf1 Qxf1+ 38. Qxf1 Rxf1+ 39. Kxf1 Nf5 40. Kf2 g4 41. Kg2 a5 42. h3 h5
43. hxg4 hxg4 44. Kf2 Ka7 45. Bc1 Kb6 46. Kg2 Kb5 47. Kf2 Ka4 48. Kg2 b5 49. Kf2
b4 50. axb4 axb4 51. Bb2 bxc3 52. Bxc3 Ka3 53. Be1 Kb2 54. c3 Kc2 55. Kg2 Kd3 56.
Kf1 Ne3+ 57. Kf2 Nd1+ 58. Kf1 Nxc3 59. Bxc3 Kxc3 60. Ke2 Kxd4 61. Kd2 Kxe5 62. Ke3
d4+ 63. Kd2 Ke4 64. Ke2 c3 65. Kd1 d3 66. Kc1 Kf3  0-1

[Event "30th 4NCL Congress"]
[Site "Daventry"]
[Date "2023.06.17"]
[Round "2"]
[Board "9"]
[White "Brown, Chris"]
[Black "Dairi, Ramsey"]
[Result "0-1"]
[WhiteElo "1485"]
[BlackElo "1690"]
[PlyCount "99"]
[EventDate "2023.06.16"]
[EventRounds "5"]
[EventCountry "ENG"]

1. e4 c5 2. d4 cxd4 3. c3 dxc3 4. Nxc3 Nc6 5. Nf3 e6 6. Bc4 Nge7 7. Bg5 a6 8. O-O
b5 9. Bd3 h6 10. Bh4 g5 11. Bg3 Ng6 12. Qe2 g4 13. Nd2 h5 14. f4 Bc5+ 15. Kh1 h4
16. Qxg4 hxg3 17. Qxg3 Nb4 18. Be2 Be7 19. f5 Nh4 20. fxe6 dxe6 21. Rad1 Ng6 22.
Nc4 Bd7 23. Nd6+ Bxd6 24. Rxd6 Qh4 25. Qxh4 Rxh4 26. Rfd1 Ne5 27. a3 Nc2 28. g3 Rh8
29. R1d2 Ne3 30. Nd1 N3c4 31. Bxc4 Nxc4 32. Rxd7 Nxd2 33. Rxd2 Rd8 34. Rxd8+ Kxd8
35. Nc3 Ke7 36. Kg2 Rd8 37. Kf3 Rd2 38. h4 Rxb2 39. Kf4 Kf6 40. e5+ Kg6 41. Ne4 Ra2
42. g4 Rxa3 43. h5+ Kh6 44. Nd6 Kg7 45. g5 Ra4+ 46. Kg3 b4 47. Ne8+ Kh8 48. g6 fxg6
49. hxg6 b3 50. g7+  0-1

[Event "30th 4NCL Congress"]
[Site "Daventry"]
[Date "2023.06.17"]
[Round "2"]
[Board "10"]
[White "Gunarathne, Senith"]
[Black "Griffin-Young, Sebastian"]
[Result "0-1"]
[WhiteElo "1675"]
[BlackElo "1458"]
[PlyCount "116"]
[EventDate "2023.06.16"]
[EventRounds "5"]
[EventCountry "ENG"]

1. e4 c5 2. Nf3 d6 3. d4 cxd4 4. Nxd4 Nf6 5. Nc3 a6 6. Bg5 Nbd7 7. f4 Qb6 8. Qd2
e6 9. O-O-O Be7 10. g4 O-O 11. Nb3 Re8 12. Bxf6 Nxf6 13. g5 Ng4 14. Re1 Qd8 15. Rg1
e5 16. h3 exf4 17. hxg4 Bxg5 18. Kb1 f3 19. Qf2 Bh4 20. Qe3 f2 21. Re2 fxg1=Q 22.
Qxg1 Be6 23. Rh2 Be7 24. Qh1 h6 25. Nd4 Qb6 26. Nf5 Bxf5 27. gxf5 Bf6 28. Qf3 Bxc3
29. Qxc3 Qg1 30. Re2 Qxf1+ 31. Re1 Qb5 32. a4 Qe5 33. Qd2 d5 34. Rg1 Kh7 35. exd5
Qe3 36. Qg2 Rg8 37. Rh1 b5 38. a5 Rac8 39. Qg4 Rc4 40. Qg2 Rgc8 41. f6 g6 42. Rc1
b4 43. b3 Rc3 44. Qh1 Rxb3+ 45. cxb3 Qxb3+ 46. Ka1 Qa3+ 47. Kb1 b3 48. Rxc8 Qa2+
49. Kc1 Qa1+ 50. Kd2 Qxh1 51. Rc1 Qxd5+ 52. Kc3 Qf3+ 53. Kb2 Qxf6+ 54. Kxb3 Qe6+
55. Kb2 Qe2+ 56. Ka1 Qe5+ 57. Kb1 Qxa5 58. Kb2 Qb4+  0-1

[Event "30th 4NCL Congress"]
[Site "Daventry"]
[Date "2023.06.17"]
[Round "2"]
[Board "11"]
[White "Bangalore Kumar, Rohith"]
[Black "Mottram, Paul"]
[Result "0-1"]
[WhiteElo "1381"]
[BlackElo "1635"]
[PlyCount "80"]
[EventDate "2023.06.16"]
[EventRounds "5"]
[EventCountry "ENG"]

1. e4 c6 2. d4 d5 3. e5 Bf5 4. Nf3 e6 5. Be2 Nd7 6. O-O Ne7 7. Be3 h6 8. Nbd2 Bh7
9. Nb3 Nf5 10. Qd2 Be7 11. Bd3 Nxe3 12. fxe3 Bxd3 13. Qxd3 c5 14. Nbd2 O-O 15. c3
c4 16. Qe2 b5 17. b3 Qc7 18. b4 a5 19. a3 axb4 20. axb4 Nb6 21. e4 Qb7 22. exd5 Nxd5
23. Ne4 Rxa1 24. Rxa1 Ra8 25. Rxa8+ Qxa8 26. Qb2 Qa4 27. Nc5 Qd1+ 28. Kf2 Bg5 29.
Ne4 Nf4 30. Qa2 Nd3+ 31. Kg3 Bf4+ 32. Kh3 Qa4 33. Qb1 Qa3 34. g3 Be3 35. Ne1 Nf2+
36. Nxf2 Bxf2 37. Nc2 Qxc3 38. Kg2 Bxd4 39. Nxd4 Qxd4 40. Qe1 c3  0-1

[Event "30th 4NCL Congress"]
[Site "Daventry"]
[Date "2023.06.17"]
[Round "2"]
[Board "12"]
[White "Homer, Neil S"]
[Black "Dairi, Mahmoud"]
[Result "1-0"]
[WhiteElo "1629"]
[BlackElo "1296"]
[PlyCount "66"]
[EventDate "2023.06.16"]
[EventRounds "5"]
[EventCountry "ENG"]

1. e4 c5 2. Nc3 g6 3. f4 d6 4. Nf3 Bg7 5. Bb5+ Bd7 6. Bxd7+ Qxd7 7. O-O Nf6 8. d3
Nc6 9. Bd2 O-O-O 10. a4 h5 11. a5 Ng4 12. h3 Bd4+ 13. Nxd4 cxd4 14. hxg4 dxc3 15.
Bxc3 Rh7 16. g5 h4 17. Kf2 e5 18. Qf3 Nd4 19. Bxd4 exd4 20. Qh3 Kb8 21. Qxd7 Rxd7
22. Ra4 Rc7 23. Rc4 h3 24. Rh1 h2 25. Kg3 Rc5 26. b4 Rxc4 27. dxc4 a6 28. Rxh2 Rxh2
29. Kxh2 b5 30. cxb5 axb5 31. Kg3 Kc7 32. Kf3 d5 33. exd5 Kd6  1-0

[Event "30th 4NCL Congress"]
[Site "Daventry"]
[Date "2023.06.17"]
[Round "2"]
[Board "13"]
[White "Mehta, Hatle"]
[Black "Egan, William J"]
[Result "1/2-1/2"]
[WhiteElo "1247"]
[BlackElo "1602"]
[PlyCount "85"]
[EventDate "2023.06.16"]
[EventRounds "5"]
[EventCountry "ENG"]

1. d4 d5 2. Bf4 Nf6 3. e3 e6 4. Nf3 Bd6 5. Ne5 c6 6. Nd2 Qc7 7. c3 Nbd7 8. Ndf3 O-O
9. h3 Ne4 10. Bd3 f6 11. Nxd7 Bxd7 12. Bxd6 Qxd6 13. Bxe4 dxe4 14. Nd2 f5 15. O-O
b5 16. b4 Rad8 17. f3 exf3 18. Qxf3 Rf6 19. Qf4 Qxf4 20. Rxf4 Rdf8 21. Raf1 Re8 22.
Nb3 e5 23. dxe5 Rxe5 24. Re1 Be6 25. Nc5 Bc8 26. a3 Rd6 27. Rd4 Rxd4 28. cxd4 Re7
29. Kf2 Kf7 30. Kf3 g5 31. e4 h5 32. e5 Be6 33. Re2 Bd5+ 34. Kf2 Kg6 35. g3 Rf7 36.
e6 Re7 37. h4 g4 38. Re5 Re8 39. Ke3 Kf6 40. Nd7+ Ke7 41. Nc5 Kd6 42. Nb7+ Ke7 43.
Nc5  1/2-1/2

[Event "30th 4NCL Congress"]
[Site "Daventry"]
[Date "2023.06.17"]
[Round "2"]
[Board "14"]
[White "Wen, Liana"]
[Black "Duffell, Andrew"]
[Result "0-1"]
[WhiteElo "1242"]
[BlackElo "1587"]
[PlyCount "115"]
[EventDate "2023.06.16"]
[EventRounds "5"]
[EventCountry "ENG"]

1. e4 c5 2. Nf3 e6 3. d4 cxd4 4. Nxd4 a6 5. c4 Nf6 6. Nc3 Qc7 7. a3 Nc6 8. Bd3 Ne5
9. Be2 Nxc4 10. Bg5 Nxb2 11. Qb3 b5 12. Qxb2 Bb7 13. Rc1 Qc5 14. Be3 Qxa3 15. Qd2
Bb4 16. O-O Nxe4 17. Qd3 Nxc3 18. Ra1 Qb2 19. Rac1 Be4 20. Qd2 Nxe2+ 21. Qxe2 Qxe2
22. Nxe2 Bd3 23. Rfd1 Bxe2 24. Rd4 Ba5 25. Rd6 Bc4 26. Rcd1 Bd5 27. Rc1 Kd8 28. Bg5+
f6 29. Be3 Bc7 30. Rxd5 exd5 31. Rd1 b4 32. Rxd5 b3 33. Rd1 b2 34. Rb1 Be5 35. f4
Bc3 36. Kf2 d5 37. Ke2 d4 38. Bf2 a5 39. Kd3 a4 40. Bxd4 Bxd4 41. Kxd4 a3 42. Kc3
Kc7 43. Rd1 Rhd8 44. Re1 a2 45. Kxb2 a1=Q+ 46. Rxa1 Rxa1 47. Kxa1 Rd2 48. g3 Rxh2
49. Kb1 Rg2 50. Ka1 Rxg3 51. Kb1 h5 52. Kc2 h4 53. Kd2 h3 54. Ke2 h2 55. Kf2 Rg6
56. f5 Rg5 57. Ke2 h1=Q 58. Ke3  0-1

[Event "30th 4NCL Congress"]
[Site "Daventry"]
[Date "2023.06.17"]
[Round "2"]
[Board "15"]
[White "Mehta, Zara"]
[Black "Bentley-Davies, Ross"]
[Result "0-1"]
[WhiteElo "983"]
[BlackElo "1558"]
[PlyCount "78"]
[EventDate "2023.06.16"]
[EventRounds "5"]
[EventCountry "ENG"]

1. d4 d5 2. Bf4 Nc6 3. e3 Nf6 4. Nf3 Bg4 5. Nbd2 e6 6. c3 Bf5 7. Bb5 Be7 8. O-O O-O
9. Re1 a6 10. Bxc6 bxc6 11. Ne5 Qe8 12. Qf3 Rb8 13. b3 c5 14. Rac1 Nd7 15. e4 dxe4
16. Nxe4 cxd4 17. cxd4 Nb6 18. Rxc7 Nd5 19. Ra7 Ra8 20. Rb7 Qc8 21. Rd7 f6 22. Qg3
fxe5 23. Bxe5 g6 24. Rxe7 Nxe7 25. Qg5 Nd5 26. Qh6 Ra7 27. Ng5 Nf6 28. Bd6 Rd8 29.
Be5 Ng4 30. Qh4 Nxe5 31. dxe5 Rd5 32. g4 Bd3 33. Re3 Bb5 34. Rh3 Rd1+ 35. Kg2 Bf1+
36. Kg3 Qc3+ 37. Kf4 Rd4+ 38. Ne4 Bxh3 39. Qf6 Rf7  0-1

[Event "30th 4NCL Congress"]
[Site "Daventry"]
[Date "2023.06.17"]
[Round "2"]
[Board "16"]
[White "Simmons, Michael W"]
[Black "Bellano, Harry"]
[Result "1/2-1/2"]
[WhiteElo "1198"]
[BlackElo "1505"]
[PlyCount "125"]
[EventDate "2023.06.16"]
[EventRounds "5"]
[EventCountry "ENG"]

1. d4 Nf6 2. c4 e6 3. Nf3 d5 4. e3 c5 5. Nbd2 Nc6 6. cxd5 Nxd5 7. Bb5 Qb6 8. Bxc6+
Qxc6 9. O-O Be7 10. Ne5 Qc7 11. Ndf3 O-O 12. Qc2 b6 13. b3 Bb7 14. Bb2 Rfd8 15. Rac1
f6 16. Nd3 Rac8 17. Qc4 cxd4 18. Qxd4 Bc6 19. Qe4 e5 20. Qc4 Qd7 21. e4 Bb5 22. Qxd5+
Qxd5 23. exd5 Bxd3 24. Rxc8 Rxc8 25. Rc1 Rxc1+ 26. Bxc1 Be4 27. Nd2 Bxd5 28. Kf1
b5 29. f3 f5 30. Bb2 Bd6 31. Ke2 Kf7 32. Kd3 Ke6 33. Kc3 a5 34. a4 Bb4+ 35. Kd3 bxa4
36. bxa4 Bxd2 37. Kxd2 g5 38. Bc3 Bc6 39. Bxa5 Bxa4 40. Bd8 g4 41. fxg4 fxg4 42.
Ke3 Kf5 43. g3 Bd1 44. Bh4 Ke6 45. Kd2 Bf3 46. Ke3 Kd5 47. Bd8 Kc4 48. Bf6 e4 49.
Bg7 Kb3 50. Bh6 Kc2 51. Kf2 Kd3 52. Be3 Kc4 53. Bh6 Kd5 54. Be3 Ke5 55. Bh6 Kf5 56.
Be3 Kg6 57. Bf4 h6 58. Be3 h5 59. Bf4 Kf6 60. Be3 Kf5 61. Bf4 h4 62. Be3 hxg3+ 63.
hxg3  1/2-1/2

[Event "30th 4NCL Congress"]
[Site "Daventry"]
[Date "2023.06.17"]
[Round "2"]
[Board "17"]
[White "Dhingra, Kanvansh"]
[Black "Gunarathne, Miheli"]
[Result "1-0"]
[WhiteElo "1493"]
[BlackElo "966"]
[PlyCount "77"]
[EventDate "2023.06.16"]
[EventRounds "5"]
[EventCountry "ENG"]

1. e4 e5 2. Nf3 Nc6 3. Bc4 Bc5 4. c3 Nf6 5. d4 exd4 6. cxd4 Bb6 7. Nc3 O-O 8. O-O
d6 9. Bg5 Bg4 10. d5 Nd4 11. Be2 Nxe2+ 12. Qxe2 Re8 13. h3 Bh5 14. Qd3 Qe7 15. Rac1
c6 16. dxc6 bxc6 17. Rfd1 Rad8 18. a4 h6 19. Bxf6 Qxf6 20. b4 Qg6 21. a5 Bc7 22.
Kh1 c5 23. Nd5 Rd7 24. Nf4 Qxe4 25. Nxh5 Qxd3 26. Rxd3 Rde7 27. bxc5 dxc5 28. g4
Re2 29. Rxc5 Rxf2 30. Rxc7 Ree2 31. Ng3 Rb2 32. Rxa7 Rg2 33. Nf1 Rgf2 34. N3h2 Ra2
35. Rf3 Rfc2 36. Rfxf7 Kh7 37. Rxg7+ Kh8 38. Rge7 Kg8 39. Re8#  1-0

[Event "30th 4NCL Congress"]
[Site "Daventry"]
[Date "2023.06.17"]
[Round "2"]
[Board "18"]
[White "Hylands, Keith A"]
[Black "Fraser, Chris A"]
[Result "1-0"]
[WhiteElo "1359"]
[BlackElo "1543"]
[PlyCount "61"]
[EventDate "2023.06.16"]
[EventRounds "5"]
[EventCountry "ENG"]

1. d4 Nf6 2. c4 e6 3. Nc3 Bb4 4. Bd2 O-O 5. Nf3 Nc6 6. e3 Bxc3 7. Bxc3 Ne4 8. Bd3
Nxc3 9. bxc3 b6 10. Qc2 g6 11. h4 h6 12. Bxg6 fxg6 13. Qxg6+ Kh8 14. Qxh6+ Kg8 15.
Rh3 Kf7 16. Rg3 Rh8 17. Qg6+ Ke7 18. Qg7+ Kd6 19. c5+ bxc5 20. dxc5+ Kxc5 21. Rg5+
d5 22. c4 Qf8 23. Qc3 Kd6 24. Ne5 Nxe5 25. Qxe5+ Kd7 26. cxd5 exd5 27. Qb2 Ba6 28.
Rg7+ Ke8 29. Qe5+ Kd8 30. Qxc7+ Ke8 31. Qd7#  1-0

[Event "30th 4NCL Congress"]
[Site "Daventry"]
[Date "2023.06.17"]
[Round "2"]
[Board "19"]
[White "Butler, Rene"]
[Black "Gibson, Stephen"]
[Result "0-1"]
[WhiteElo "1313"]
[BlackElo "1499"]
[PlyCount "94"]
[EventDate "2023.06.16"]
[EventRounds "5"]
[EventCountry "ENG"]

1. d4 b5 2. Nf3 Bb7 3. Bg5 h6 4. Bh4 g5 5. Bg3 e6 6. e3 a6 7. h3 c5 8. c3 d6 9. Nbd2
Nf6 10. Bd3 Nbd7 11. O-O Nh5 12. Be4 Nxg3 13. Bxb7 Nxf1 14. Bxa8 Nxe3 15. fxe3 Qxa8
16. Qe2 Nf6 17. Rf1 Ne4 18. Nxe4 Qxe4 19. Qf2 Qb7 20. Nh2 Bg7 21. Ng4 f5 22. Nh2
O-O 23. Qe2 Qe4 24. Qf3 Qxf3 25. Nxf3 d5 26. Nd2 cxd4 27. exd4 e5 28. dxe5 Bxe5 29.
Nf3 Bg3 30. Nd4 f4 31. Ne2 Kg7 32. Nxg3 fxg3 33. Rxf8 Kxf8 34. Kf1 Kf7 35. Ke2 h5
36. Kf3 h4 37. Kg4 Kf6 38. Kf3 Kf5 39. a3 a5 40. b3 a4 41. bxa4 bxa4 42. Ke3 g4 43.
hxg4+ Kxg4 44. Ke2 h3 45. gxh3+ Kxh3 46. Kf1 Kh2 47. c4 dxc4  0-1

[Event "30th 4NCL Congress"]
[Site "Daventry"]
[Date "2023.06.17"]
[Round "2"]
[Board "20"]
[White "Ashworth, Steven M"]
[Black "Kathuria, Khush"]
[Result "1-0"]
[WhiteElo "1494"]
[BlackElo "1297"]
[PlyCount "51"]
[EventDate "2023.06.16"]
[EventRounds "5"]
[EventCountry "ENG"]

1. e4 c5 2. b4 b6 3. bxc5 bxc5 4. Nc3 Nc6 5. Nf3 Rb8 6. Bc4 d6 7. d3 g6 8. Bd2 Bg7
9. O-O Nf6 10. Rb1 Bd7 11. Qc1 Ng4 12. h3 Nge5 13. Nxe5 Bxe5 14. Ne2 Nd4 15. Nxd4
Bxd4 16. Qa3 Rxb1 17. Rxb1 O-O 18. Qxa7 e5 19. Rb7 Qf6 20. Be3 Bxe3 21. fxe3 Bxh3
22. gxh3 Qg5+ 23. Kf2 Qh4+ 24. Ke2 Qxh3 25. Rxf7 Qg2+ 26. Rf2+  1-0

[Event "30th 4NCL Congress"]
[Site "Daventry"]
[Date "2023.06.17"]
[Round "2"]
[Board "21"]
[White "Patel, Diah"]
[Black "Finnegan, Dale"]
[Result "0-1"]
[WhiteElo "1273"]
[BlackElo "1474"]
[PlyCount "118"]
[EventDate "2023.06.16"]
[EventRounds "5"]
[EventCountry "ENG"]

1. e4 g6 2. d4 Bg7 3. Nc3 d6 4. Nf3 a6 5. g3 Bd7 6. Bg2 Qc8 7. h4 h5 8. Be3 Nf6 9.
Qd2 Ng4 10. Bh3 Nxe3 11. Bxd7+ Qxd7 12. fxe3 Nc6 13. O-O-O O-O-O 14. Ng5 Rdf8 15.
Nd5 e6 16. Nf4 e5 17. dxe5 Nxe5 18. Nd3 Qa4 19. Kb1 Qb5 20. b3 Re8 21. a4 Qd7 22.
Rhf1 Re7 23. Rf2 f6 24. Nf3 Nxf3 25. Rxf3 Qg4 26. Qe2 Rxe4 27. Nf2 Qe6 28. Nxe4 Qxe4
29. Rd4 Qe5 30. Rff4 f5 31. c3 c5 32. Rd3 Bh6 33. Rc4 Qxg3 34. b4 b6 35. bxc5 bxc5
36. Qd2 Kd7 37. Rxc5 Rb8+ 38. Ka2 Bf8 39. e4 Qg1 40. Rb5 axb5 41. Qb2 Qc5 42. Rd5
Qc4+ 43. Ka1 Qxa4+ 44. Kb1 Qxe4+ 45. Kc1 Qxd5 46. Qc2 Rc8 47. Qd2 Qxd2+ 48. Kxd2
f4 49. Ke2 Rxc3 50. Kf2 b4 51. Ke2 b3 52. Kd2 Rh3 53. Kc1 f3 54. Kd1 f2 55. Ke2 b2
56. Kxf2 b1=Q 57. Ke2 Qb3 58. Ke1 Qa2 59. Kd1 Rh1#  0-1

[Event "30th 4NCL Congress"]
[Site "Daventry"]
[Date "2023.06.17"]
[Round "2"]
[Board "22"]
[White "Page, Michael"]
[Black "Walker, Heather Enid"]
[Result "1-0"]
[WhiteElo "1456"]
[BlackElo "1250"]
[PlyCount "121"]
[EventDate "2023.06.16"]
[EventRounds "5"]
[EventCountry "ENG"]

1. e4 Nf6 2. e5 Nd5 3. d4 d6 4. Nf3 Nc6 5. c4 Nb6 6. Be2 Bf5 7. O-O g6 8. Be3 Bg7
9. Bf4 Nd7 10. exd6 exd6 11. Nc3 O-O 12. Qd2 a6 13. Bh6 Re8 14. Bxg7 Kxg7 15. d5
Nce5 16. Nd4 Qf6 17. f4 Ng4 18. Nxf5+ Qxf5 19. Bxg4 Qxg4 20. Rf3 Re7 21. f5 Ne5 22.
Rf4 Qg5 23. f6+ Kf8 24. fxe7+ Kxe7 25. Re1 Kf8 26. Ref1 Kg8 27. Ne4 Qe7 28. Nf6+
Kg7 29. Ng4 Rf8 30. Nxe5 dxe5 31. Qe2 Qe8 32. R4f2 f5 33. b4 e4 34. Re1 h6 35. Qe3
Qe7 36. Qd4+ Kh7 37. Qc5 Qd8 38. Qa7 Qc8 39. Rd2 Rd8 40. Qd4 b5 41. c5 Qb7 42. c6
Qa8 43. Qf6 Rg8 44. Qf7+ Rg7 45. Qe6 a5 46. a3 axb4 47. axb4 Qa3 48. Rd4 Qa7 49.
d6 Qxd4+ 50. Kh1 Qxb4 51. Rd1 Qa4 52. Qd5 cxd6 53. Qxd6 Qa5 54. h3 b4 55. Qf8 b3
56. Rd8 g5 57. Qh8+ Kg6 58. Rd6+ Kf7 59. Rd7+ Ke6 60. Qe8+ Kf6 61. Rd6#  1-0

[Event "30th 4NCL Congress"]
[Site "Daventry"]
[Date "2023.06.17"]
[Round "2"]
[Board "23"]
[White "Ramanathan, Vaidy"]
[Black "Wallman, James"]
[Result "0-1"]
[WhiteElo "1187"]
[BlackElo "1456"]
[PlyCount "116"]
[EventDate "2023.06.16"]
[EventRounds "5"]
[EventCountry "ENG"]

1. d4 d5 2. c4 e6 3. Nf3 Nf6 4. Bg5 Be7 5. Nc3 Nc6 6. e3 h6 7. Bxf6 Bxf6 8. Be2 O-O
9. O-O a6 10. a4 dxc4 11. Bxc4 Qe7 12. d5 Ne5 13. Nxe5 Bxe5 14. Qe2 Qh4 15. f4 Bxc3
16. bxc3 exd5 17. Bxd5 c6 18. Bb3 Qf6 19. Qc2 Re8 20. Rae1 Bd7 21. e4 Rad8 22. e5
Qe7 23. f5 Qc5+ 24. Kh1 Rxe5 25. Rxe5 Qxe5 26. Qd3 Qf6 27. Qf3 Re8 28. Qh5 Re7 29.
Qf3 Re5 30. Bc2 Rc5 31. Qd3 Rd5 32. Qf3 Re5 33. g4 b5 34. a5 Rc5 35. Qd3 Rd5 36.
Qf3 Rd2 37. Rf2 Rd6 38. Rf1 Bc8 39. Rd1 Bb7 40. Qg3 c5+ 41. Kg1 Rxd1+ 42. Bxd1 Qd8
43. Bf3 Bxf3 44. Qxf3 Qxa5 45. h4 Qd8 46. Qg3 f6 47. g5 fxg5 48. hxg5 Qxg5 49. Qxg5
hxg5 50. Kf2 a5 51. Ke2 a4 52. Kd2 a3 53. Kc2 g4 54. Kb3 g3 55. Kxa3 g2 56. Kb3 g1=Q
57. c4 Qe3+ 58. Kc2 bxc4  0-1

[Event "30th 4NCL Congress"]
[Site "Daventry"]
[Date "2023.06.17"]
[Round "2"]
[Board "24"]
[White "Gandhi, Preesh"]
[Black "Agarwal, Amaya"]
[Result "1/2-1/2"]
[WhiteElo "1432"]
[BlackElo "1066"]
[PlyCount "60"]
[EventDate "2023.06.16"]
[EventRounds "5"]
[EventCountry "ENG"]

1. e4 d5 2. exd5 Qxd5 3. Nc3 Qa5 4. d4 Nf6 5. Bd3 Bf5 6. Nf3 e6 7. O-O Bb4 8. Bxf5
Qxf5 9. Bd2 Nc6 10. Qe2 O-O-O 11. Be3 e5 12. dxe5 Nxe5 13. Nd4 Qg4 14. Qb5 Rxd4 15.
Qxe5 Rc4 16. Nb5 a6 17. b3 Re8 18. Qb2 Rce4 19. f3 Qd7 20. Na7+ Kb8 21. fxe4 Rxe4
22. Rad1 Qe7 23. Bf2 Ng4 24. c3 Nxf2 25. Qxf2 Bc5 26. Rd4 Bxa7 27. Qxf7 Qxf7 28.
Rxf7 Bxd4+ 29. cxd4 Rxd4 30. Rxg7 Rd1+  1/2-1/2

[Event "30th 4NCL Congress"]
[Site "Daventry"]
[Date "2023.06.17"]
[Round "2"]
[Board "25"]
[White "Agarwal, Anay"]
[Black "Wright, George A"]
[Result "1-0"]
[WhiteElo "1176"]
[BlackElo "1413"]
[PlyCount "67"]
[EventDate "2023.06.16"]
[EventRounds "5"]
[EventCountry "ENG"]

1. e4 c6 2. d4 d5 3. exd5 cxd5 4. c4 e6 5. Nc3 Nf6 6. Nf3 Bd6 7. c5 Be7 8. Bb5+ Bd7
9. Bxd7+ Nbxd7 10. O-O Rc8 11. Bf4 O-O 12. Ne5 Nxe5 13. dxe5 Nd7 14. b4 b6 15. Qg4
f5 16. exf6 Bxf6 17. Qxe6+ Kh8 18. Rac1 d4 19. c6 Bg5 20. Bxg5 Qxg5 21. cxd7 Rxc3
22. Rce1 Rcf3 23. Re5 Rxf2 24. Rxf2 Qc1+ 25. Re1 Qxe1+ 26. Qxe1 Rg8 27. Qe8 h6 28.
Qxg8+ Kxg8 29. d8=Q+ Kh7 30. Rf7 Kg6 31. Qg8 d3 32. Qxg7+ Kh5 33. Rf5+ Kh4 34. Qg3#
 1-0

[Event "30th 4NCL Congress"]
[Site "Daventry"]
[Date "2023.06.17"]
[Round "3"]
[Board "1"]
[White "Steel, Martin J"]
[Black "McKay, Mark"]
[Result "1-0"]
[WhiteElo "1613"]
[BlackElo "1671"]
[PlyCount "143"]
[EventDate "2023.06.16"]
[EventRounds "5"]
[EventCountry "ENG"]

1. c4 b6 2. Nc3 e6 3. e4 Bb7 4. g3 Bb4 5. Nge2 f5 6. Bg2 Nf6 7. Qc2 O-O 8. O-O fxe4
9. Nxe4 Nxe4 10. Bxe4 Bxe4 11. Qxe4 Nc6 12. a3 Bd6 13. b4 Qf6 14. Rb1 a5 15. Bb2
Qf3 16. Qxf3 Rxf3 17. b5 Ne5 18. Kg2 Rd3 19. Bxe5 Bxe5 20. Ng1 Rxa3 21. Nf3 Bd6 22.
Ra1 Rd3 23. Rfd1 Bb4 24. Ne5 Rd4 25. d3 Rd6 26. Ra4 Bc3 27. Nf3 Rf8 28. Ra3 Bb4 29.
Raa1 e5 30. Ng5 Rdf6 31. Ne4 Rf3 32. Ra2 h6 33. Re2 d6 34. Ra2 g5 35. h3 Kg7 36.
Ra4 Kg6 37. Ra2 h5 38. Ra4 Bc5 39. Rd2 Bd4 40. Ra3 g4 41. h4 Rd8 42. Ng5 Rf6 43.
Ne4 Rff8 44. Rc2 Bc5 45. Raa2 Bb4 46. Kf1 Rf3 47. Ke2 Rdf8 48. Ra1 Bc5 49. Rf1 Bd4
50. Ra2 c5 51. bxc6 Bc5 52. Nxc5 dxc5 53. Rb2 R3f6 54. Rxb6 Rc8 55. Ra1 Rcxc6 56.
Rxc6 Rxc6 57. Rxa5 Kf5 58. Ke3 Kg6 59. Ke4 Rf6 60. Ke3 Rc6 61. Ke4 Kf6 62. f3 gxf3
63. Kxf3 Kf5 64. Ra8 Rd6 65. Rf8+ Kg6 66. Ke4 Rd4+ 67. Ke3 Rg4 68. Rg8+ Kf5 69. Rxg4
Kxg4 70. Kf2 Kf5 71. Kf3 Kf6 72. g4  1-0